00000000nam 2200000za 4500
0019.577904
003CaOODSP
00520250319095153
007cr |||||||||||
008150406|1983||||xxc|||||o    f|0| 0 eng d
022 |a1488-5387
040 |aCaOODSP|beng
043 |an-cn---
0861 |aFs97-4/1729E-PDF
1101 |aCanada. |bDepartment of Fisheries and Oceans.
24510|aComputer code for freshwater life forms in Newfoundland. Part 2- plants |h[electronic resource] / |cby P.M. Ryan.
260 |aSt. John's - Newfoundland and Labrador : |bFisheries and Oceans Canada |cDecember 1983.
300 |a128 p. : |breferences, tables
4901 |aCanadian manuscript report of fisheries and aquatic sciences|x1488-5387|vNo. 1729
5203 |a"This publication presents a systematically structured, ten-digit, computer code for use in the study of the freshwater plants of Newfoundland. It is a companion to the animal code presented, under separate cover, as Part 1 (Ryan 1983). Its purpose is to facilitate the rapid handling and analyses of large amounts of data obtained during aquatic studies in the Province of Newfoundland by the Department of Fisheries and Oceans and other organizations or individuals."--Introduction, p.7 of 128.
546 |a(Résumés en français)
590 |a13-27-Supp|b2013-11-15
69007|aAquatic plants|2gcpds
69007|aComputer programming|2gcpds
69007|aFresh water|2gcpds
7201 |aRyan, P. M.
830#0|aCanadian manuscript report of fisheries and aquatic sciences,|x1488-5387|vNo. 1729|w(CaOODSP)9.505211
85640|ahttp://publications.gc.ca|qPDF|s1.32 MB|uhttps://publications.gc.ca/collections/collection_2013/mpo-dfo/Fs97-4-1729-eng.pdf|yNo. 1729